000 01089nam a2200265Ia 4500
001 21661
005 20260417115908.0
008 260320s9999||||xx |||||||||||||| ||und||
020 _a9788419109576
041 _aESP
082 _a615.78
_bA23
100 _aAdan, Ana,
_eAUT
245 0 _aPsicofarmacología :
_bbases neurofuncionales, acciones y terapéutica
250 _aPrimera edición
260 _aBarcelona :
_bMarge Médica Books,
_c2023
300 _a310 páginas :
_bilustraciones, cuadros ;
_c28 cm.
650 _aTCA
653 _aPsicofarmacología
654 _aCCS
700 _aPrat, Gemma,
_cAUT
856 _uhttps://0u216wvfk-y-https-accessmedicina-mhmedical-com.itmsp.museknowledge.com/
_zVéase además: Base de datos McGraw Hill Access Medicina
856 _uhttps://0u23fwvnr-y-https-www-clinicalkey-com.itmsp.museknowledge.com/student/login
_zVéase además: Base de datos ClinicalKey
856 _uhttps://0u20fwvo3-y-https-research-ebsco-com.itmsp.museknowledge.com/c/qxo6us/search
_zVéase además: Base de datos EBSCOhost
942 _cLIB
_dJUS
_fMAT
_2ddc
999 _c21661
_d21661